Clercs et laïcs au Moyen Age : (Record n. 26122)

Dettagli MARC
000 -LEADER
fixed length control field 00883nam a2200253 i 4500
003 - CONTROL NUMBER IDENTIFIER
control field IT-RoINE
005 - DATE AND TIME OF LATEST TRANSACTION
control field 20180927110825.0
008 - FIXED-LENGTH DATA ELEMENTS--GENERAL INFORMATION
fixed length control field 921125s1990 fr r 000|| fre d
020 ## - INTERNATIONAL STANDARD BOOK NUMBER
International Standard Book Number 2718904763
040 ## - CATALOGING SOURCE
Original cataloging agency ES-VaUB.
Transcribing agency IT-RoINE
Modifying agency IT-RoINE
100 1# - MAIN ENTRY--PERSONAL NAME
Personal name Pontal, Odette,
9 (RLIN) 36488
Dates associated with a name 1918-2014
245 10 - TITLE STATEMENT
Title Clercs et laïcs au Moyen Age :
Remainder of title d'après les status synodaux /
Statement of responsibility, etc Odette Pontal.
260 ## - PUBLICATION, DISTRIBUTION, ETC. (IMPRINT)
Place of publication, distribution, etc Paris :
Name of publisher, distributor, etc Desclée,
Date of publication, distribution, etc 1990.
300 ## - PHYSICAL DESCRIPTION
Extent 153 p. ;
Dimensions 22 cm.
336 ## - CONTENT TYPE
Source rdacontent
Content type term text
337 ## - MEDIA TYPE
Source rdamedia
Media type term unmediated
338 ## - CARRIER TYPE
Source rdacarrier
Carrier type term volume
490 1# - SERIES STATEMENT
Series statement Bibliothèque d'histoire du Christianisme ;
Volume number/sequential designation 24
504 ## - BIBLIOGRAPHY, ETC. NOTE
Bibliography, etc Bibliografía: p. 145.
650 #4 - SUBJECT ADDED ENTRY--TOPICAL TERM
Topical term or geographic name as entry element Clero
General subdivision Formación
Geographic subdivision Europa
Chronological subdivision Siglos 13o.-15o.
9 (RLIN) 51725
650 #4 - SUBJECT ADDED ENTRY--TOPICAL TERM
Topical term or geographic name as entry element Iglesia
General subdivision Historia
Chronological subdivision Siglos 13o.-15o.
9 (RLIN) 52693
830 #0 - SERIES ADDED ENTRY--UNIFORM TITLE
9 (RLIN) 51728
Uniform title Bibliothèque d'histoire du Christianisme ;
Volume number/sequential designation 24
942 ## - ADDED ENTRY ELEMENTS (KOHA)
Item type Monografías
Dati di copia
Withdrawn status Lost status Damaged status Not for loan Home library Current library Date acquired Total Checkouts Full call number Barcode Date last seen Price effective from Koha item type
        Iglesia Nacional Española en Roma Iglesia Nacional Española en Roma 19/07/2018   HIS.ECL 218 51750 19/07/2018 19/07/2018 Monografías